[Event "ODEM U25B 2012"]
[Site "Oberhof GER"]
[Date "2012.05.27"]
[Round "2"]
[White "Wagner, Swenja"]
[Black "Kalina, Joshua"]
[Result "0-1"]
[Termination "normal"]
[Board "24"]
[WhiteElo "1287"]
[BlackElo "941"]
[PlyCount "92"]
[WhiteFideId "12900494"]
[EventCountry "GER"]
[EventRounds "9"]
[EventType "swiss"]
[EventDate "2012.05.26"]

1. e4 e5 2. Nc3 Nf6 3. Bc4 Bc5 4. d3 d6 5. f4 Nc6 6. f5 Qe7 7. Nf3 Ng4 8. Bg5
Qd7 9. Bh4 Ne3 10. Qd2 Nxc4 11. dxc4 Nd4 12. Nxd4 Bxd4 13. O-O-O Qc6 14. Qd3
Bd7 15. Nb5 Bc5 16. Qg3 Rg8 17. Qg5 f6 18. Qh5+ g6 19. Qxh7 O-O-O 20. Nxa7+
Bxa7 21. Bxf6 Rde8 22. fxg6 Qxe4 23. h4 Bf5 24. Rd3 Bxg6 25. Qh6 Qxc4 26. Rc3
Qe4 27. Qd2 Bb6 28. Ra3 Kd7 29. h5 Bh7 30. Rg1 Ra8 31. Re1 Qf5 32. Bxe5 Rxa3
33. bxa3 Re8 34. g4 Qxg4 35. Qh6 Qf5 36. Qg7+ Re7 37. Qg2 Rxe5 38. Rxe5 Qxe5
39. Qg4+ Qf5 40. Qg7+ Kc6 41. Qg2+ d5 42. h6 Be3+ 43. Kd1 Bxh6 44. a4 Qxc2+ 45.
Qxc2+ Bxc2+ 46. Kxc2 Kc5 0-1

[Event "ODEM U25B 2012"]
[Site "Oberhof GER"]
[Date "2012.05.27"]
[Round "2"]
[White "Dopmann, Sina"]
[Black "Lilienthal, Niels Bennett"]
[Result "1-0"]
[Termination "normal"]
[Board "25"]
[WhiteElo "1158"]
[BlackElo "928"]
[PlyCount "67"]
[BlackFideId "16205421"]
[EventCountry "GER"]
[EventRounds "9"]
[EventType "swiss"]
[EventDate "2012.05.26"]

1. Nc3 c5 2. e4 d6 3. f4 g6 4. Nf3 Nc6 5. g3 Nf6 6. Bg2 Bg7 7. O-O e6 8. h3 O-O
9. d3 Nd4 10. Ne1 b5 11. e5 dxe5 12. fxe5 Nd7 13. Bxa8 b4 14. Ne2 Nf5 15. Be4
Nxe5 16. Bxf5 exf5 17. Bf4 Nd7 18. c3 bxc3 19. bxc3 Bb7 20. Rb1 Bc6 21. Qd2 Nf6
22. Bh6 Bxh6 23. Qxh6 Re8 24. Qd2 Qd5 25. Nf3 Ng4 26. hxg4 fxg4 27. c4 Qh5 28.
Nh4 g5 29. Ng2 Qh3 30. Qxg5+ Kh8 31. Qf6+ Kg8 32. Qxc6 Rxe2 33. Rb8+ Kg7 34.
Qf6# 1-0

[Event "ODEM U25B 2012"]
[Site "Oberhof GER"]
[Date "2012.05.27"]
[Round "2"]
[White "Niewrzol, Anton"]
[Black "Janke, Luisa"]
[Result "1-0"]
[Termination "normal"]
[Board "26"]
[WhiteElo "896"]
[BlackElo "1154"]
[PlyCount "33"]
[BlackFideId "12925225"]
[EventCountry "GER"]
[EventRounds "9"]
[EventType "swiss"]
[EventDate "2012.05.26"]

1. e4 e5 2. Nf3 Nc6 3. Nc3 Nf6 4. d4 exd4 5. Nxd4 Nxd4 6. Qxd4 d6 7. Bg5 Be7 8.
Bd3 c5 9. Qe3 Ng4 10. Qf4 Bxg5 11. Qg3 Bh4 12. Bb5+ Kf8 13. Qf4 Bxf2+ 14. Ke2
Be3 15. Qf3 Qg5 16. Rhf1 Nxh2 17. Qxf7# 1-0

[Event "ODEM U25B 2012"]
[Site "Oberhof GER"]
[Date "2012.05.27"]
[Round "2"]
[White "Hoffmann, Rasmus"]
[Black "Abicht, Aruna Sophia"]
[Result "1-0"]
[Termination "normal"]
[Board "27"]
[WhiteElo "1151"]
[BlackElo "892"]
[PlyCount "67"]
[EventCountry "GER"]
[EventRounds "9"]
[EventType "swiss"]
[EventDate "2012.05.26"]

1. Nc3 e5 2. Nf3 Nc6 3. d4 exd4 4. Nxd4 Nxd4 5. Qxd4 Nf6 6. Bg5 Be7 7. e4 d6 8.
O-O-O c5 9. Qd2 h6 10. Bf4 O-O 11. Re1 Be6 12. Re3 d5 13. exd5 Nxd5 14. Nxd5
Qxd5 15. b3 Qxd2+ 16. Kxd2 Rfd8+ 17. Bd3 c4 18. bxc4 Bxc4 19. Rxe7 b5 20. Re3
g5 21. Be5 f5 22. f4 gxf4 23. Bxf4 h5 24. Kc1 Bxd3 25. Rxd3 Rxd3 26. cxd3 Rc8+
27. Kd2 Rc5 28. Be3 Rd5 29. Bxa7 Kf7 30. Re1 Kg6 31. Be3 Kf6 32. Bf4 Kg6 33.
Re6+ Kf7 34. Rh6 1-0

[Event "ODEM U25B 2012"]
[Site "Oberhof GER"]
[Date "2012.05.27"]
[Round "2"]
[White "Grund, Melanie"]
[Black "Riehle, Fabio"]
[Result "0-1"]
[Termination "normal"]
[Board "28"]
[WhiteElo "885"]
[BlackElo "1129"]
[PlyCount "120"]
[WhiteFideId "12988804"]
[BlackFideId "36052140"]
[EventCountry "GER"]
[EventRounds "9"]
[EventType "swiss"]
[EventDate "2012.05.26"]

1. e4 e5 2. Nf3 Nc6 3. Bc4 Bc5 4. d3 Nf6 5. Nc3 O-O 6. Bg5 h6 7. Bh4 Ne7 8.
Bxf6 gxf6 9. O-O d6 10. h3 Ng6 11. a3 Kh7 12. b4 Bb6 13. Nd5 Rg8 14. a4 c6 15.
Nxb6 axb6 16. Bxf7 Rg7 17. Bxg6+ Rxg6 18. Nh4 Rg7 19. d4 Qg8 20. Qd2 Bxh3 21.
f3 exd4 22. Rf2 c5 23. Nf5 Bxf5 24. exf5 Rg3 25. Re1 Rxa4 26. Re7+ Rg7 27.
Rxg7+ Qxg7 28. bxc5 bxc5 29. c3 Ra1+ 30. Kh2 dxc3 31. Qxc3 Rd1 32. g4 Qg5 33.
Kg3 Rg1+ 34. Kh2 Qc1 35. Qxc1 Rxc1 36. Rd2 b5 37. Rxd6 Kg7 38. Rd7+ Kg8 39. f4
b4 40. g5 hxg5 41. fxg5 fxg5 42. f6 b3 43. Rg7+ Kf8 44. Rb7 c4 45. Kg3 Rb1 46.
Kg4 c3 47. Kh5 c2 48. Kg6 Re1 49. f7 Re8 50. fxe8=Q+ Kxe8 51. Kf6 c1=Q 52. Ke6
Qc6+ 53. Kf5 Qxb7 54. Kxg5 Qf3 55. Kh4 Qg2 56. Kh5 Qg3 57. Kh6 Qg4 58. Kh7 Qg5
59. Kh8 Kf7 60. Kh7 Qg7# 0-1

[Event "ODEM U25B 2012"]
[Site "Oberhof GER"]
[Date "2012.05.27"]
[Round "2"]
[White "Häusler, Luis"]
[Black "Arnold, Alexandria"]
[Result "1-0"]
[Termination "normal"]
[Board "29"]
[WhiteElo "1124"]
[BlackElo "872"]
[PlyCount "161"]
[WhiteFideId "12942928"]
[BlackFideId "16205383"]
[EventCountry "GER"]
[EventRounds "9"]
[EventType "swiss"]
[EventDate "2012.05.26"]

1. e4 e5 2. f4 exf4 3. Nf3 Nf6 4. Nc3 Bd6 5. e5 Qe7 6. Qe2 O-O 7. exf6 Qxf6 8.
Qf2 b6 9. Be2 Bc5 10. d4 Bb4 11. Bd2 Bb7 12. O-O-O Bxf3 13. Bxf3 Nc6 14. Nd5
Bxd2+ 15. Qxd2 Qe6 16. Qxf4 Rac8 17. Rhe1 Qg6 18. Be4 Qh5 19. g4 Qh3 20. Re3
Qh4 21. Qf5 g6 22. Qxd7 Nb8 23. Qb5 c6 24. Qe2 cxd5 25. Bxd5 Qg5 26. Bb3 Rce8
27. Re1 Nc6 28. Qd2 Rd8 29. Rd3 Qxd2+ 30. Kxd2 Nxd4 31. Kc3 Nb5+ 32. Kc4 Nd6+
33. Kb4 a5+ 34. Ka4 Nb7 35. Rxd8 Rxd8 36. Kb5 Rd6 37. Re7 Nd8 38. Ka6 Kg7 39.
g5 Kf8 40. Rc7 Ne6 41. Bxe6 Rxe6 42. Rb7 Re5 43. Rxb6 Rxg5 44. Rb5 Rg2 45. Kxa5
Rxc2 46. h3 h5 47. a4 Rh2 48. Rb3 f5 49. Kb6 Re2 50. a5 Re6+ 51. Kc7 f4 52. Rf3
g5 53. b4 Kf7 54. b5 Re3 55. Rf2 Ra3 56. a6 g4 57. Rxf4+ Kg6 58. hxg4 h4 59. g5
Kxg5 60. Rf2 h3 61. Kb7 Kg4 62. a7 Kg3 63. Rc2 h2 64. Rxh2 Kxh2 65. a8=Q Rxa8
66. Kxa8 Kg3 67. b6 Kf4 68. b7 Ke4 69. b8=Q Kd5 70. Qb4 Ke5 71. Qc4 Kf5 72. Qe2
Kf4 73. Qd3 Kg4 74. Qf1 Kg5 75. Qf3 Kg6 76. Qf4 Kg7 77. Qf5 Kg8 78. Qd7 Kh8 79.
Kb7 Kg8 80. Kc6 Kh8 81. Kd6 1-0

[Event "ODEM U25B 2012"]
[Site "Oberhof GER"]
[Date "2012.05.27"]
[Round "2"]
[White "Huruglica, Emre"]
[Black "Lange, Alina"]
[Result "1-0"]
[Termination "normal"]
[Board "30"]
[WhiteElo "1103"]
[BlackElo "859"]
[PlyCount "81"]
[EventCountry "GER"]
[EventRounds "9"]
[EventType "swiss"]
[EventDate "2012.05.26"]

1. e4 c5 2. d4 cxd4 3. c3 dxc3 4. Nxc3 Nc6 5. Bc4 d6 6. Nf3 Nf6 7. O-O g6 8.
Bg5 Bg7 9. Re1 O-O 10. e5 dxe5 11. Nxe5 Qxd1 12. Raxd1 Nxe5 13. Rxe5 Bg4 14. f3
Bf5 15. Rxe7 Rfe8 16. Bxf7+ Kf8 17. Rxe8+ Rxe8 18. Bxe8 Kxe8 19. Nb5 a6 20.
Nd6+ Ke7 21. Nxb7 h6 22. Bf4 Nh5 23. Re1+ Kf6 24. Be5+ Kf7 25. Bxg7 Kxg7 26. g4
Bc8 27. gxh5 Bxb7 28. Re7+ Kf6 29. Rxb7 a5 30. Rb6+ Kg7 31. hxg6 a4 32. f4 h5
33. f5 Kh6 34. Rb7 Kg5 35. g7 Kxf5 36. g8=Q Kf6 37. Rb5 h4 38. Qc8 Kg6 39. Qc6+
Kf7 40. Rb7+ Kf8 41. Qc8# 1-0

[Event "ODEM U25B 2012"]
[Site "Oberhof GER"]
[Date "2012.05.27"]
[Round "2"]
[White "Hacklinger, Leon"]
[Black "Karge, Ole Jannes"]
[Result "0-1"]
[Termination "normal"]
[Board "31"]
[WhiteElo "877"]
[BlackElo "1090"]
[PlyCount "46"]
[WhiteFideId "16205111"]
[BlackFideId "12957267"]
[EventCountry "GER"]
[EventRounds "9"]
[EventType "swiss"]
[EventDate "2012.05.26"]

1. e4 c5 2. c4 Nc6 3. Nc3 Nf6 4. Nf3 d6 5. d3 h6 6. Be2 Bg4 7. Be3 e5 8. O-O
Be7 9. h3 Bh5 10. Re1 O-O 11. b3 Qa5 12. Bd2 Qd8 13. Nh4 Bxe2 14. Qxe2 Nd4 15.
Qd1 Nxe4 16. Nxe4 Bxh4 17. Qg4 Kh8 18. Rac1 f5 19. Qh5 fxe4 20. Rxe4 Bxf2+ 21.
Kh1 Nf5 22. Rf1 Ng3+ 23. Kh2 Nxf1+ 0-1

[Event "ODEM U25B 2012"]
[Site "Oberhof GER"]
[Date "2012.05.27"]
[Round "2"]
[White "Kobald, Pierre"]
[Black "Koll, Linus"]
[Result "0-1"]
[Termination "normal"]
[Board "33"]
[WhiteElo "869"]
[BlackElo "1052"]
[PlyCount "141"]
[WhiteFideId "12983659"]
[BlackFideId "12990299"]
[EventCountry "GER"]
[EventRounds "9"]
[EventType "swiss"]
[EventDate "2012.05.26"]

1. e4 e5 2. Nf3 Nc6 3. Bc4 Bc5 4. d3 Nf6 5. Ng5 O-O 6. O-O h6 7. Nf3 d6 8. Nc3
Bg4 9. Be3 Nd4 10. Bxd4 Bxd4 11. Nd5 Nxd5 12. Bxd5 c6 13. Bb3 Bxf3 14. Qxf3
Bxb2 15. Rae1 Bc3 16. Re2 Qg5 17. Qh3 h5 18. Re3 Qg4 19. Qxg4 hxg4 20. h3 gxh3
21. Rxh3 Rad8 22. Kh2 d5 23. exd5 cxd5 24. Rh1 Rfe8 25. Ba4 Re6 26. Kg1 Rh6 27.
Rxh6 gxh6 28. Rxh6 Kg7 29. Rh4 Rc8 30. f4 Bd4+ 31. Kf1 Rh8 32. Rg4+ Kf6 33.
fxe5+ Bxe5 34. Rb4 b6 35. d4 Bf4 36. Rb3 Rh1+ 37. Kf2 Ke6 38. Rf3 Bg5 39. Bb3
Bh4+ 40. Ke2 b5 41. g4 a5 42. Rf5 Rh2+ 43. Kf3 Rf2+ 44. Ke3 Rxf5 45. gxf5+ Kd6
46. Kf4 a4 47. Bxa4 bxa4 48. Ke3 f6 49. Kd3 Be1 50. a3 Kc6 51. c4 dxc4+ 52.
Kxc4 Kd6 53. Kb5 Kd5 54. Kxa4 Kxd4 55. Kb5 Ke5 56. a4 Kxf5 57. a5 Bxa5 58. Kxa5
Ke4 59. Kb4 f5 60. Kc3 Ke3 61. Kc4 f4 62. Kc3 Ke2 63. Kc2 f3 64. Kc1 f2 65. Kc2
f1=Q 66. Kc3 Qd1 67. Kc4 Ke3 68. Kb4 Qc2 69. Kb5 Kd4 70. Kb4 Qb2+ 71. Ka4 0-1

[Event "ODEM U25B 2012"]
[Site "Oberhof GER"]
[Date "2012.05.27"]
[Round "2"]
[White "Kluge, Helene"]
[Black "Dathe, Frederick"]
[Result "1-0"]
[Termination "normal"]
[Board "34"]
[WhiteElo "827"]
[BlackElo "1036"]
[PlyCount "77"]
[WhiteFideId "12983179"]
[BlackFideId "12963070"]
[EventCountry "GER"]
[EventRounds "9"]
[EventType "swiss"]
[EventDate "2012.05.26"]

1. e4 c5 2. Nf3 d6 3. d4 cxd4 4. Nxd4 Nf6 5. Nc3 g6 6. Bc4 Bg7 7. Be3 O-O 8.
Qd2 Bg4 9. h3 Bd7 10. O-O-O Nc6 11. f3 a6 12. a3 b5 13. Bb3 b4 14. axb4 Nxb4
15. Bh6 a5 16. Bxg7 Kxg7 17. Rhe1 a4 18. Bd5 Nbxd5 19. Nxd5 Nxd5 20. exd5 Qb8
21. Qc3 Rc8 22. Nc6+ f6 23. Nxb8 Rxc3 24. bxc3 Rxb8 25. Rxe7+ Kh6 26. Rxd7 Ra8
27. Kd2 Ra6 28. Ra1 a3 29. Rb7 Ra5 30. c4 Ra4 31. Kd3 g5 32. Rb3 Kh5 33. Rbxa3
Rb4 34. Rb3 Rxb3+ 35. cxb3 Kh4 36. b4 Kg3 37. Ra2 h5 38. b5 f5 39. b6 1-0

[Event "ODEM U25B 2012"]
[Site "Oberhof GER"]
[Date "2012.05.27"]
[Round "2"]
[White "Matuschak, Henry"]
[Black "Lohrmann, Linus"]
[Result "1-0"]
[Termination "normal"]
[Board "35"]
[WhiteElo "1034"]
[BlackElo "824"]
[PlyCount "29"]
[BlackFideId "12982857"]
[EventCountry "GER"]
[EventRounds "9"]
[EventType "swiss"]
[EventDate "2012.05.26"]

1. e4 e5 2. Nf3 Nc6 3. Nc3 Nf6 4. Bb5 Bb4 5. d3 O-O 6. O-O d6 7. Bg5 Bg4 8. Nd5
a6 9. Nxb4 axb5 10. Nd5 Bxf3 11. Qxf3 h6 12. Nxf6+ gxf6 13. Bxf6 Qc8 14. Qg3+
Kh7 15. Qg7# 1-0

[Event "ODEM U25B 2012"]
[Site "Oberhof GER"]
[Date "2012.05.27"]
[Round "2"]
[White "Reuker, Ronja"]
[Black "Weiten, Anna"]
[Result "0-1"]
[Termination "normal"]
[Board "36"]
[WhiteElo "825"]
[BlackElo "1008"]
[PlyCount "66"]
[WhiteFideId "12947172"]
[BlackFideId "12938203"]
[EventCountry "GER"]
[EventRounds "9"]
[EventType "swiss"]
[EventDate "2012.05.26"]

1. e4 e5 2. Nf3 Nc6 3. Nc3 Nf6 4. Bb5 Bc5 5. Bxc6 bxc6 6. Nxe5 d5 7. d3 dxe4 8.
Nxe4 Bf5 9. Nxc5 Qe7 10. d4 Rd8 11. O-O Rd6 12. Bf4 Nd5 13. Bg3 Rf6 14. Bh4 Qd6
15. Bxf6 Qxf6 16. Re1 Ne7 17. Qe2 Be6 18. Nxc6 Nxc6 19. Nxe6 fxe6 20. Qxe6+
Qxe6 21. Rxe6+ Kd7 22. d5 Nd4 23. Re4 Nf5 24. Ra4 Re8 25. Rxa7 Nd4 26. c4 Nc2
27. Rc1 Kd6 28. h3 Nd4 29. c5+ Kxd5 30. Rxc7 Ne2+ 31. Kf1 Nxc1 32. a4 Nd3 33.
c6 Re1# 0-1

[Event "ODEM U25B 2012"]
[Site "Oberhof GER"]
[Date "2012.05.27"]
[Round "2"]
[White "Schulze, Lara"]
[Black "Gazizova, Alina"]
[Result "1-0"]
[Termination "normal"]
[Board "37"]
[WhiteElo "994"]
[BlackElo "767"]
[PlyCount "51"]
[WhiteFideId "12956830"]
[BlackFideId "12951366"]
[EventCountry "GER"]
[EventRounds "9"]
[EventType "swiss"]
[EventDate "2012.05.26"]

1. c4 e5 2. e4 Nf6 3. Nc3 c6 4. g3 Bc5 5. Bg2 O-O 6. Nge2 a6 7. d3 b5 8. b3 b4
9. Na4 Be7 10. Bb2 d6 11. O-O c5 12. f4 Nc6 13. a3 a5 14. f5 Bb7 15. h3 Qd7 16.
Nb6 Qd8 17. Nxa8 Bxa8 18. axb4 axb4 19. g4 g6 20. g5 Nd7 21. f6 Re8 22. fxe7
Rxe7 23. Ng3 Re6 24. Qf3 Qf8 25. h4 f6 26. Bh3 1-0

[Event "ODEM U25B 2012"]
[Site "Oberhof GER"]
[Date "2012.05.27"]
[Round "2"]
[White "Bossert, Moritz"]
[Black "Mönster, Michel"]
[Result "1-0"]
[Termination "normal"]
[Board "38"]
[WhiteElo "787"]
[BlackElo "988"]
[PlyCount "79"]
[WhiteFideId "16239946"]
[BlackFideId "12947164"]
[EventCountry "GER"]
[EventRounds "9"]
[EventType "swiss"]
[EventDate "2012.05.26"]

1. d4 f5 2. c4 Nf6 3. Nf3 g6 4. g3 Bg7 5. Bg2 O-O 6. Bg5 e6 7. Nc3 Nc6 8. Qd2
d6 9. d5 Nb4 10. a3 Na6 11. b4 e5 12. b5 Nb8 13. O-O Nbd7 14. Bxf6 Nxf6 15.
Rfe1 e4 16. Nd4 Ng4 17. f3 Bh6 18. e3 exf3 19. Nxf3 Re8 20. Nd1 Qf6 21. Ra2 Re4
22. Qd3 Qe7 23. Nd2 Bxe3+ 24. Nxe3 Rxe3 25. Rxe3 Qxe3+ 26. Qxe3 Nxe3 27. Ra1
Bd7 28. Re1 Nc2 29. Re7 Rd8 30. Nf3 Nxa3 31. Ng5 Kf8 32. Rxh7 Nxc4 33. Ne6+
Bxe6 34. dxe6 Re8 35. Rh8+ Ke7 36. Rxe8+ Kxe8 37. Bxb7 Ke7 38. Bd5 g5 39. Bxc4
g4 40. Kf2 1-0

[Event "ODEM U25B 2012"]
[Site "Oberhof GER"]
[Date "2012.05.27"]
[Round "2"]
[White "Müdder, Melanie"]
[Black "Acikel, Mert"]
[Result "0-1"]
[Termination "normal"]
[Board "39"]
[WhiteElo "761"]
[BlackElo "970"]
[PlyCount "72"]
[WhiteFideId "12994103"]
[BlackFideId "12956465"]
[EventCountry "GER"]
[EventRounds "9"]
[EventType "swiss"]
[EventDate "2012.05.26"]

1. e4 e5 2. Nf3 Nc6 3. Bc4 Nf6 4. Ng5 d5 5. exd5 Na5 6. Bb5+ c6 7. dxc6 bxc6 8.
Nc3 cxb5 9. Nxb5 h6 10. Nf3 Nc6 11. d4 Bg4 12. h3 Nxd4 13. Nbxd4 Bxf3 14. Qxf3
exd4 15. Qc6+ Nd7 16. Qe4+ Qe7 17. Bg5 Qxe4+ 18. Kd1 hxg5 19. Re1 Qxe1+ 20.
Kxe1 Bb4+ 21. Kd1 O-O-O 22. a3 Bd6 23. c3 dxc3 24. bxc3 Rhe8 25. Kc2 Re2+ 26.
Kb3 Nc5+ 27. Kc4 Rxf2 28. Rb1 Rf4+ 29. Kd5 Be7+ 30. Kc6 Rf6+ 31. Kb5 Rb6+ 32.
Ka5 Rxb1 33. g4 Rd7 34. h4 Rdb7 35. hxg5 Ra1 36. g6 Rxa3# 0-1

[Event "ODEM U25B 2012"]
[Site "Oberhof GER"]
[Date "2012.05.27"]
[Round "2"]
[White "Wiemann, Daniel"]
[Black "Gazizov, Erik"]
[Result "1-0"]
[Termination "normal"]
[Board "40"]
[WhiteElo "963"]
[BlackElo "747"]
[PlyCount "59"]
[WhiteFideId "12942944"]
[BlackFideId "12951358"]
[EventCountry "GER"]
[EventRounds "9"]
[EventType "swiss"]
[EventDate "2012.05.26"]

1. e4 d5 2. exd5 Qxd5 3. Nc3 Qa5 4. Bb5+ c6 5. Bc4 Be6 6. Bxe6 Qe5+ 7. Qe2 Qxe6
8. Qxe6 fxe6 9. Nf3 Nd7 10. O-O O-O-O 11. d3 e5 12. Re1 e6 13. Nxe5 Nxe5 14.
Rxe5 Bd6 15. Rxe6 Nf6 16. Bg5 Rhf8 17. Bxf6 gxf6 18. g3 b5 19. Ne4 Kc7 20. Rxf6
c5 21. Rxf8 Bxf8 22. Ng5 Rd7 23. Ne6+ Kd6 24. Nxf8 Rf7 25. Nxh7 Rxh7 26. a4 a6
27. axb5 axb5 28. Ra6+ Kc7 29. Ra7+ Kd8 30. Rxh7 1-0